banner koha

Growth and accumulation of nutrients by weeds, in maize and legumes intercrops (Registro n. 8947)

MARC details
000 -LÍDER
fixed length control field 04826nab a2200337 i 4500
003 - CÓDIGO MARC DA AGÊNCIA CATALOGADORA
Campo de controle BR-BrBNA
005 - DATA E HORA DA ÚLTIMA ATUALIZAÇÃO
Campo de controle 20230831112312.0
008 - CAMPO DE TAMANHO FIXO
fixed length control field 230424b2018 bl.ar|pooa||| 00| 0 eng |
040 ## - FONTE DA CATALOGAÇÃO
Agência catalogadora BR-BrBNA
Idioma da catalogação eng
072 ## - CATEGORIA AGRIS
Código AGRIS H60
Código do objeto 0120
072 ## - CATEGORIA AGRIS
Código AGRIS F61
100 ## - ENTRADA PRINCIPAL - NOME PESSOAL
Nome pessoal Nolla, A.
100 ## - ENTRADA PRINCIPAL - NOME PESSOAL
Nome pessoal Jucksh, I.
100 ## - ENTRADA PRINCIPAL - NOME PESSOAL
Nome pessoal Castaldo, J.H.
100 ## - ENTRADA PRINCIPAL - NOME PESSOAL
Nome pessoal Alvarenga, R.C.
100 ## - ENTRADA PRINCIPAL - NOME PESSOAL
Nome pessoal Albrecht, L.P.
245 ## - TÍTULO PRINCIPAL
Título principal Growth and accumulation of nutrients by weeds, in maize and legumes intercrops
500 ## - NOTA GERAL
Nota geral Publicação on-line; 30 ref.; 6 tables; Summaries (En, Pt)<br/>
942 ## - ADDED ENTRY ELEMENTS (KOHA)
Koha item type
520 ## - NOTA DE RESUMO
Nota de conteúdo <br/><br/>ABSTRACT - The presence of weeds on fields is a concern for farmers, due to<br/>competition with the commercial crops, reducing yields. The intercropping of maize<br/>with legumes provides weed control; after senescence, the nutrients accumulated<br/>by plants are released, recycling nutrients. The study of plant species and their<br/>diversity is called phytosociology. This study aimed at evaluating the accumulation<br/>of dry phytomass by maize intercropped with legumes and weeds species, and at<br/>evaluating nutrient cycling and the phytosociology of weeds. The experiment<br/>consisted of maize intercropped with legumes cover crops: jack-beans, Brazilian<br/>jack-beans, velvet bean, lablab-beans, and pigeon pea, and the control treatment<br/>(maize without intercrop), all without chemical or mechanical weed control. Maize<br/>was sown in the plots, and legumes were sown 64 days after maize. Maize was<br/>harvested 120 days after sowing (DAS), and legumes at 144 DAS. Weeds were<br/>sampled at 84 and 144 DAS. It was possible to evaluate the accumulation of dry<br/>phytomass, the nutrient content of the intercrop components, and the phytosociology<br/>of weeds. The phytomass accumulation by maize was not affected by the intercrop<br/>with legumes. The intercrop with velvet bean accumulated higher dry phytomass<br/>and suppressed weeds. Jack beans accumulated dry mass, but did not suppress<br/>weeds. The intercropping system changed the diversity of weeds. Panicum maximum,<br/>Commelina nudiflora, Commelina benghalensis, Leonotis nepetaefolia and<br/>Melampodium divaricatum stood out by presenting higher values of<br/>phytosociological index and nutrient recycling.<br/><br/>Keywors: green manure, phytosociology, jack beans, modified importance value<br/>index, velvet bean.<br/>
520 ## - NOTA DE RESUMO
Nota de conteúdo <br/><br/>RESUMO - A presença de plantas daninhas nos campos é uma preocupação dos<br/>agricultores, devido à competição com culturas comerciais, causando perdas em<br/>produtividade. A consorciação do milho com leguminosas de adubação verde<br/>propicia controle das plantas daninhas; após a senescência, os nutrientes<br/>acumulados pelas plantas são liberados, reciclando nutrientes. O estudo das<br/>espécies vegetais e sua diversidade é chamado de fitossociologia. Este trabalho<br/>objetivou avaliar o acúmulo de fitomassa do consórcio milho com leguminosas e<br/>plantas daninhas, bem como a ciclagem de nutrientes e a fitossociologia das<br/>infestantes. O experimento consistiu na consorciação de milho com as leguminosas<br/>de adubação verde: feijão-de-porco, feijão-bravo-do-ceará, mucuna-preta, lablab<br/>e guandu, além da testemunha (milho solteiro), todas sem controles químicos ou<br/>mecânicos de plantas daninhas. Semeou-se milho nas parcelas, e as leguminosas<br/>foram semeadas 64 dias após. O milho foi colhido aos 120 dias, e as leguminosas,<br/>aos 144 dias. As plantas daninhas foram amostradas aos 84 e 144 dias.<br/>Determinou-se acúmulo de fitomassa seca, o conteúdo de nutrientes dos componentes do consórcio e a<br/>fitossociologia das plantas daninhas. O acúmulo de fitomassa pelo milho não foi afetado pelo consórcio<br/>com adubos verdes. O consórcio com mucuna-preta acumulou maior fitomassa seca e suprimiu as<br/>plantas daninhas. O feijão-de-porco acumulou matéria seca, mas suprimiu pouco as plantas daninhas.<br/>A consorciação alterou a diversidade das plantas daninhas. Panicum maximum, Commelina nudiflora,<br/>Commelina benghalensis, Leonotis nepetaefolia, Melampodium divaricatum se destacaram por<br/>apresentar altos valores dos índices fitossociológicos e pelo potencial na reciclagem de nutrientes.<br/><br/>Palavras-chave: adubo verde, fitossociologia, feijão de porco, índice do valor de importância modificado,<br/>mucuna-preta.
650 ## - ASSUNTO - THESAGRO
Cabeçalho tópico ou nome geográfico FISIOLOGIA NUTRICIONAL
650 ## - ASSUNTO - THESAGRO
Cabeçalho tópico ou nome geográfico ADUBO VERDE
650 ## - ASSUNTO - THESAGRO
Cabeçalho tópico ou nome geográfico FEIJÃO DE PORCO
650 ## - ASSUNTO - THESAGRO
Cabeçalho tópico ou nome geográfico MUCUNA PRETA
650 ## - ASSUNTO - THESAGRO
Cabeçalho tópico ou nome geográfico ERVA DANINHA
650 ## - ASSUNTO - THESAGRO
Cabeçalho tópico ou nome geográfico MILHO
773 0# - ENTRADA ANALÍTICA
Host Biblionumber 886
Registro do item 1815
Imprenta Londrina-PR : Sociedade Brasileira da Ciência das Plantas Daninhas, 1978
Outro identificador 2023-031022
Título Planta Daninha (Brazil)
ISSN 0100-8358; 1806-9681 (on-line)
Colação v. 36 p. 1-11; (2018)
Número de controle de registro BR2023000090
856 ## - ACESSO E ENDEREÇO ELETRÔNICO
Identificador uniforme de recurso - URI https://www.scielo.br/j/pd/a/RRm9sKh9ktKHxP6Pg7jfsMv/?format=pdf&lang=en

Nenhum exemplar disponível.

BINAGRI

Telefone: (61)3218-2567/2388/3357/2097 - binagri@agro.gov.br

Ministério da Agricultura e Pecuária , Esplanada dos Ministérios, Bloco D, Anexo B, Brasília/DF, CEP: 70.043-900